000 00614nam a2200205Ia 4500
005 20250508150256.0
008 008 250505s9999 xx 000 0 eng d
037 _aTextual
040 _aFEDL
_beng
_cFEDL
041 _aeng
_2eng
084 _a371.26, SUT
_qFEDL
100 _aSutcliffe A
_9755748
245 0 _aSelection for secondary education without a writing examination
260 _aLondon, UK
_bJohn Murray
_c1944
300 _aviii,88p
650 _aEducational - Tests and Measurement
700 _a Canham J W
_9756300
942 _cTEXL
_h371.26, SUT
999 _c1322779
_d1322779